MARC

LEADER 00000nam0a2200000 4500
001 374443
005 20231102012642.0
035 |a (RuTPU)RU\TPU\retro\31877 
035 |a RU\TPU\book\306278 
090 |a 374443 
100 |a 20221219d1963 k y0rusy50 ca 
101 0 |a rus 
102 |a RU 
105 |a a z 001zy 
200 1 |a Метаморфизм  |f Н. А. Елисеев 
210 |a Москва  |c Недра  |d 1963 
215 |a 428 с.  |c ил. 
320 |a Библиогр.: с. 408-422. 
320 |a Указатель терминов: с. 423-425. 
606 1 |a Горные породы, метаморфические  |x Петрография  |2 stltpush  |3 (RuTPU)RU\TPU\subj\8136  |9 35620 
610 1 |a катакластический метаморфизм 
610 1 |a минералы 
610 1 |a структуры 
610 1 |a текстуры 
610 1 |a термальный метаморфизм 
610 1 |a динамотермальный метаморфизм 
610 1 |a автометаморфизм 
610 1 |a метасоматиты 
610 1 |a деформации 
610 1 |a химическое равновесие 
610 1 |a магма 
610 1 |a магма 
610 1 |a летучие компоненты 
610 1 |a диаграммы 
610 1 |a метаморфические фации 
610 1 |a метасоматизм 
610 1 |a ультраметаморфизм 
675 |a 552.4  |v 3 
700 1 |a Елисеев  |b Н. А.  |g Николай Александрович 
801 1 |a RU  |b 63413507  |c 20150130 
801 2 |a RU  |b 63413507  |c 20221219  |g RCR 
942 |c BK